[Event "GER-chT U10"]
[Site "Magdeburg"]
[Date "2012.12.28"]
[Round "4.1"]
[White "Sondermann, Johannes"]
[Black "Kartsev, Nikolaj"]
[Result "0-1"]
[WhiteElo "1166"]
[BlackElo "1364"]
[PlyCount "120"]
[EventDate "2012.12.27"]
[EventType "team-swiss"]
[EventRounds "7"]
[EventCountry "GER"]
[SourceTitle "EXT 2014"]
[Source "ChessBase"]
[SourceDate "2013.11.20"]
[SourceVersion "1"]
[SourceVersionDate "2013.11.20"]
[SourceQuality "1"]
[WhiteTeam "Friedrichsfelde Borussia"]
[BlackTeam "Brackel"]
[WhiteTeamCountry "GER"]
[BlackTeamCountry "GER"]

1. c4 Nc6 2. Nc3 Nf6 3. Nf3 e5 4. d3 d6 5. g3 Be6 6. Bg2 Qd7 7. 0-0 Be7 8. a3 a5 9. Bd2 Bh3 10. Na2 Bxg2 11. Kxg2 d5 12. b4 dxc4 13. dxc4 axb4 14. axb4 e4 15. Ng1 Ne5 16. c5 Qc6 17. f3 exf3+ 18. Nxf3 Nxf3 19. exf3 Rd8 20. Qe2 Qe6 21. Be3 Nd5 22. Rfe1 Bf6 23. Rad1 Nxe3+ 24. Qxe3 0-0 25. Qxe6 fxe6 26. Rxd8 Rxd8 27. Nc1 Rd2+ 28. Kh3 e5 29. f4 exf4 30. gxf4 Rd4 31. Re8+ Kf7 32. Rc8 Rxb4 33. Rxc7+ Ke6 34. Nd3 Rb3 35. f5+ Kxf5 36. Rd7 Ke4 37. c6 bxc6 38. Kg4 Rxd3 39. Ra7 c5 40. Ra4+ Rd4 41. Ra5 Ke3+ 42. Kg3 Bh4+ 43. Kg2 Be7 44. Ra3+ Rd3 45. Ra1 Bh4 46. Rf1 Bf2 47. Rxf2 Rd2 48. Rxd2 Kxd2 49. h4 c4 50. Kg3 c3 51. h5 c2 52. Kg4 c1Q 53. Kf5 Qc5+ 54. Ke6 Qxh5 55. Kd6 Kc3 56. Kc6 Kc4 57. Kd6 Qd5+ 58. Kc7 Kc5 59. Kc8 Kb6 60. Kb8 Qd8# 0-1

[Event "Berlin-ch"]
[Site "Berlin"]
[Date "2010.03.31"]
[Round "2"]
[White "Figura, Atila Gajo"]
[Black "Sondermann, Johannes"]
[Result "1-0"]
[WhiteElo "2418"]
[BlackElo "2078"]
[PlyCount "80"]
[EventDate "2010.03.30"]
[EventType "swiss"]
[EventRounds "9"]
[EventCountry "GER"]
[SourceTitle "CBM 135 Extra"]
[Source "ChessBase"]
[SourceDate "2010.05.04"]
[SourceVersion "1"]
[SourceVersionDate "2010.05.04"]
[SourceQuality "1"]

1. d4 d5 2. c4 c6 3. Nf3 Nf6 4. Nbd2 g6 5. g3 Bg7 6. Bg2 0-0 7. 0-0 Bf5 8. b3 a5 9. a3 a4 10. b4 Ne4 11. Bb2 b5 12. cxd5 cxd5 13. Ne1 Nc6 14. Nxe4 Bxe4 15. f3 Bf5 16. Rc1 Qb6 17. Rc5 Rfd8 18. g4 Bc8 19. Qd3 Ba6 20. f4 e6 21. Nf3 f5 22. gxf5 gxf5 23. Ng5 Ne7 24. Qe3 Bc8 25. Kh1 h6 26. Nf3 Ng6 27. Rg1 Kh7 28. Ne5 Nxe5 29. fxe5 Rg8 30. Bf3 Bd7 31. Bh5 Bh8 32. Bf7 Bg7 33. Bc1 Raf8 34. Bxg8+ Rxg8 35. Qg3 Be8 36. Bxh6 Kxh6 37. Qh4+ Bh5 38. Rg5 Kh7 39. Qxh5+ Bh6 40. Rxg8 Kxg8 1-0

[Event "Oberliga Nord O 0910"]
[Site "Germany"]
[Date "2009.11.29"]
[Round "3.7"]
[White "Rutschke, Bernhard"]
[Black "Sondermann, Johannes"]
[Result "0-1"]
[WhiteElo "2085"]
[BlackElo "2081"]
[PlyCount "96"]
[EventDate "2009.10.18"]
[EventType "team-tourn"]
[EventRounds "9"]
[EventCountry "GER"]
[SourceTitle "EXT 2011"]
[Source "ChessBase"]
[SourceDate "2010.11.26"]
[SourceVersion "1"]
[SourceVersionDate "2010.11.26"]
[SourceQuality "1"]
[WhiteTeam "Ruedersdorf"]
[BlackTeam "Zehlendorf"]
[WhiteTeamCountry "GER"]
[BlackTeamCountry "GER"]

1. e4 c5 2. Nf3 Nc6 3. Nc3 g6 4. d4 cxd4 5. Nxd4 Bg7 6. Be3 Nf6 7. Bc4 0-0 8. Bb3 Ng4 9. Qxg4 Nxd4 10. Qd1 Nxb3 11. axb3 b6 12. Qd2 Bb7 13. f3 f5 14. Bh6 Bxh6 15. Qxh6 fxe4 16. fxe4 b5 17. Qe3 b4 18. Nd5 e6 19. Nxb4 Qh4+ 20. g3 Qxe4 21. Qxe4 Bxe4 22. Rf1 a5 23. Rxf8+ Kxf8 24. Nd3 Bxd3 25. cxd3 Rb8 26. Ra3 Rb5 27. Kd2 Ke7 28. Kc3 Rc5+ 29. Kd2 Rh5 30. h4 Rf5 31. Ke3 h5 32. Ra4 Rb5 33. Ra3 Kf6 34. Kf4 e5+ 35. Ke3 Kf5 36. Kf2 d5 37. Kf3 d4 38. Kf2 Rc5 39. Kf3 Rc2 40. Rxa5 Rd2 41. b4 Rxd3+ 42. Kf2 Rd2+ 43. Kf3 Rxb2 44. Rb5 Rb3+ 45. Kf2 Ke4 46. Kg2 Rb2+ 47. Kg1 d3 48. Kf1 Rb1+ 0-1

[Event "FRA-chT1 0910"]
[Site "France"]
[Date "2009.11.22"]
[Round "5.6"]
[White "Sondermann, Johannes"]
[Black "Debray, Christopher"]
[Result "0-1"]
[WhiteElo "2081"]
[BlackElo "2362"]
[PlyCount "48"]
[EventDate "2009.09.27"]
[EventType "team-tourn"]
[EventRounds "11"]
[EventCountry "FRA"]
[SourceTitle "EXT 2011"]
[Source "ChessBase"]
[SourceDate "2010.11.26"]
[SourceVersion "1"]
[SourceVersionDate "2010.11.26"]
[SourceQuality "1"]

1. e4 c5 2. Nf3 e6 3. c3 Nf6 4. e5 Nd5 5. d4 cxd4 6. cxd4 d6 7. a3 Nc6 8. Bd3 Be7 9. Bc2 b6 10. Ba4 Bb7 11. 0-0 0-0 12. Re1 Rc8 13. Qd3 dxe5 14. dxe5 Qc7 15. Nc3 Nxc3 16. Qxc3 Na5 17. Qxc7 Rxc7 18. Bg5 Bxg5 19. Nxg5 Rc4 20. Bd1 b5 21. Nf3 Rd8 22. b4 Bxf3 23. Bxf3 Nb3 24. Rad1 Rxd1 0-1

[Event "Teplice op 4th"]
[Site "Teplice"]
[Date "2009.06.21"]
[Round "9"]
[White "Sondermann, Johannes"]
[Black "Kulovana, Eva"]
[Result "1/2-1/2"]
[WhiteElo "2145"]
[BlackElo "2293"]
[PlyCount "124"]
[EventDate "2009.06.13"]
[EventType "swiss"]
[EventRounds "9"]
[EventCountry "CZE"]
[SourceTitle "CBM 130 Extra"]
[Source "ChessBase"]
[SourceDate "2009.07.02"]
[SourceVersion "2"]
[SourceVersionDate "2009.07.15"]
[SourceQuality "1"]

1. e4 e5 2. Nf3 Nc6 3. Bb5 Nd4 4. Nxd4 exd4 5. 0-0 c6 6. Ba4 Nf6 7. c3 Bc5 8. cxd4 Bxd4 9. e5 Ne4 10. Qg4 d5 11. Qxg7 Rf8 12. Nc3 Bf5 13. d3 Nxf2 14. Ne2 Nh3+ 15. Kh1 Nf2+ 16. Rxf2 Bxf2 17. Bg5 Qd7 18. d4 h6 19. Qxh6 Bg4 20. Rf1 Bxe2 21. Rxf2 Bd3 22. Bd1 Bf5 23. Qf6 Be6 24. h4 Qd8 25. Qxd8+ Rxd8 26. Bxd8 Kxd8 27. b4 Ke7 28. g4 Rg8 29. Rb2 b5 30. Rb3 a5 31. Ra3 Rh8 32. bxa5 Rxh4+ 33. Kg2 Rh8 34. a6 Ra8 35. a7 Kd7 36. Kg3 Kc7 37. g5 Kb6 38. Bg4 Bxg4 39. Kxg4 b4 40. Rb3 c5 41. a3 Rxa7 42. dxc5+ Kxc5 43. axb4+ Kc4 44. Rb1 d4 45. Kf5 d3 46. e6 fxe6+ 47. Kxe6 d2 48. g6 Rb7 49. Kf6 Rxb4 50. g7 Rxb1 51. g8Q+ Kc3 52. Qc8+ Kb2 53. Qb7+ Kc2 54. Qe4+ Kc1 55. Qc4+ Kb2 56. Qe2 Kc1 57. Qe3 Kc2 58. Qc5+ Kb2 59. Qb5+ Kc2 60. Qa4+ Kb2 61. Qd4+ Kc2 62. Qf2 Rf1 1/2-1/2

[Event "Teplice op 4th"]
[Site "Teplice"]
[Date "2009.06.14"]
[Round "2"]
[White "Vokac, Marek"]
[Black "Sondermann, Johannes"]
[Result "1-0"]
[WhiteElo "2459"]
[BlackElo "2145"]
[PlyCount "95"]
[EventDate "2009.06.13"]
[EventType "swiss"]
[EventRounds "9"]
[EventCountry "CZE"]
[SourceTitle "CBM 130 Extra"]
[Source "ChessBase"]
[SourceDate "2009.07.02"]
[SourceVersion "2"]
[SourceVersionDate "2009.07.15"]
[SourceQuality "1"]

1. Nf3 c5 2. b3 Nf6 3. Bb2 g6 4. c4 Bg7 5. g3 b6 6. Bg2 Bb7 7. 0-0 0-0 8. d3 d6 9. Qd2 Nc6 10. Nc3 Qd7 11. e3 d5 12. Rad1 d4 13. exd4 Nxd4 14. Nxd4 Bxg2 15. Kxg2 cxd4 16. Nb5 e5 17. Rde1 a6 18. Na3 Qc6+ 19. Kg1 Rfe8 20. f3 h5 21. Nc2 Rad8 22. Bc1 Kh7 23. Qg2 Bh6 24. Bxh6 Kxh6 25. h3 Kg7 26. Re2 a5 27. Rfe1 Qc5 28. Qf2 Re6 29. a3 h4 30. g4 g5 31. b4 axb4 32. axb4 Qe7 33. b5 Nh7 34. Re4 Nf8 35. Qd2 Ng6 36. Nb4 Nf4 37. Nc6 Rxc6 38. bxc6 f6 39. Rxf4 gxf4 40. Qxf4 Qc5 41. Qe4 Rd6 42. f4 Re6 43. Re2 Kf8 44. Qf5 Qxc6 45. fxe5 Qe8 46. g5 Qh5 47. Rg2 Qd1+ 48. Kh2 1-0

[Event "Nancy-B"]
[Site "Nancy"]
[Date "2009.02.19"]
[Round "6"]
[White "Paci, Cedric"]
[Black "Sondermann, Johannes"]
[Result "1/2-1/2"]
[WhiteElo "2300"]
[BlackElo "2152"]
[PlyCount "183"]
[EventDate "2009.02.16"]
[EventType "tourn"]
[EventRounds "9"]
[EventCountry "FRA"]
[EventCategory "4"]
[SourceTitle "CBM 128 Extra"]
[Source "ChessBase"]
[SourceDate "2009.03.05"]
[SourceVersion "2"]
[SourceVersionDate "2009.03.25"]
[SourceQuality "1"]

1. Nf3 c5 2. c4 Nc6 3. d4 cxd4 4. Nxd4 Nf6 5. g3 Qb6 6. Nb3 Ne4 7. e3 e6 8. Bg2 d5 9. cxd5 Bb4+ 10. N1d2 exd5 11. 0-0 Nf6 12. Nf3 Bf5 13. Bd2 Be7 14. Rc1 0-0 15. Nfd4 Bg6 16. Bc3 Rac8 17. Bh3 Nxd4 18. Qxd4 Rc4 19. Qxb6 axb6 20. Bd4 Bd3 21. Rfe1 Bb4 22. Bc3 Bxc3 23. Rxc3 Rxc3 24. bxc3 Ra8 25. Rd1 Bc4 26. Bf1 Bxf1 27. Kxf1 Rxa2 28. c4 Kf8 29. cxd5 Ng4 30. Nd2 Nxh2+ 31. Ke2 Ng4 32. Kf3 Ne5+ 33. Ke4 Nd7 34. f4 Ra4+ 35. Kf3 Ke7 36. Rb1 Kd6 37. Ne4+ Ke7 38. d6+ Ke6 39. g4 f5 40. gxf5+ Kxf5 41. Rb5+ Ke6 42. f5+ Kf7 43. Ng5+ Kg8 44. e4 Ra5 45. Rb3 h6 46. Ne6 Kf7 47. Rc3 Kf6 48. Nf4 Rc5 49. Rb3 Rc6 50. Nh5+ Kg5 51. Nxg7 Ne5+ 52. Kg3 Rxd6 53. Ne6+ Kf6 54. Nf4 Nd7 55. Rb5 Rc6 56. Rd5 Nc5 57. Kf3 b5 58. Nh5+ Kg5 59. f6+ Kg6 60. Rf5 Kf7 61. Re5 Ne6 62. Rd5 Rc5 63. Rd7+ Kg6 64. Nf4+ Kxf6 65. Rxb7 Ng5+ 66. Ke3 Re5 67. Nd5+ Ke6 68. Rb6+ Kd7 69. Rxh6 Rxe4+ 70. Kd3 Re1 71. Nb6+ Ke7 72. Nd5+ Kf7 73. Ne3 Ne6 74. Rh7+ Kf6 75. Nc2 Rb1 76. Rh6+ Ke5 77. Kc3 Nf4 78. Rh8 Nd5+ 79. Kd2 Rg1 80. Rb8 Rg2+ 81. Kc1 Nc7 82. Rb7 Kd6 83. Nd4 Rg5 84. Kb2 Rd5 85. Kc3 Rc5+ 86. Kb3 Kd5 87. Ne2 Kc6 88. Rb8 Re5 89. Nd4+ Kc5 90. Rc8 Re3+ 91. Kb2 Re7 92. Rxc7+ 1/2-1/2

[Event "Nancy-B"]
[Site "Nancy"]
[Date "2009.02.17"]
[Round "3"]
[White "Sondermann, Johannes"]
[Black "Spielmann, Alain"]
[Result "0-1"]
[WhiteElo "2152"]
[BlackElo "2324"]
[PlyCount "116"]
[EventDate "2009.02.16"]
[EventType "tourn"]
[EventRounds "9"]
[EventCountry "FRA"]
[EventCategory "4"]
[SourceTitle "CBM 128 Extra"]
[Source "ChessBase"]
[SourceDate "2009.03.05"]
[SourceVersion "2"]
[SourceVersionDate "2009.03.25"]
[SourceQuality "1"]

1. d4 Nf6 2. c4 c5 3. Nf3 cxd4 4. Nxd4 b6 5. Nc3 Bb7 6. f3 d6 7. e4 a6 8. Be2 Nbd7 9. 0-0 e6 10. Nc2 Be7 11. Bf4 Qc7 12. Qd2 0-0 13. Rfd1 Ne5 14. b3 Rac8 15. Rac1 Rfe8 16. Na4 Bc6 17. Nc3 Rcd8 18. Nb4 Bb7 19. Na4 Nfd7 20. c5 dxc5 21. Nxa6 Bxa6 22. Bxa6 Nb8 23. Qc3 f6 24. Bb5 Nbc6 25. Bg3 Rxd1+ 26. Rxd1 Rd8 27. Rxd8+ Qxd8 28. f4 Nd4 29. Bf1 Nec6 30. Qb2 Bd6 31. Nc3 Qb8 32. Qf2 Ne7 33. Nb5 Nxb5 34. Bxb5 Ng6 35. Bc4 Bxf4 36. Bxe6+ Kf8 37. Qd2 Bxg3 38. hxg3 Ne5 39. Bf5 h6 40. Qd5 g6 41. Bh3 Qc7 42. Qa8+ Kg7 43. Be6 h5 44. Qc8 Qd6 45. Kh2 Kh6 46. Kh3 Kg5 47. a4 Qd4 48. Kh2 Qxe4 49. Bh3 Qe2 50. Qb7 Qd2 51. Qe4 Kh6 52. Qb7 Qb4 53. Be6 h4 54. gxh4 Qxh4+ 55. Kg1 Qe1+ 56. Kh2 f5 57. Kh3 g5 58. Bxf5 Qh4# 0-1

[Event "Budapest FS06 IM"]
[Site "Budapest"]
[Date "2008.06.12"]
[Round "6"]
[White "Gao, Rui"]
[Black "Sondermann, Johannes"]
[Result "1-0"]
[WhiteElo "2139"]
[BlackElo "2279"]
[PlyCount "57"]
[EventDate "2008.06.07"]
[EventType "tourn"]
[EventRounds "13"]
[EventCountry "HUN"]
[EventCategory "2"]
[SourceTitle "CBM 124 Extra"]
[Source "ChessBase"]
[SourceDate "2008.07.03"]
[SourceVersion "1"]
[SourceVersionDate "2008.07.03"]
[SourceQuality "1"]

1. e4 e5 2. Nf3 Nc6 3. Bc4 Bc5 4. b4 Bxb4 5. c3 Be7 6. d4 exd4 7. Qb3 Na5 8. Bxf7+ Kf8 9. Qa4 Kxf7 10. Qxa5 dxc3 11. Nxc3 d6 12. 0-0 c6 13. Qa4 b5 14. Qc2 Bf6 15. Bb2 Ne7 16. Rad1 Ng6 17. e5 Nxe5 18. Nxe5+ Bxe5 19. Nxb5 Bxh2+ 20. Kxh2 cxb5 21. Qc6 Be6 22. Rxd6 Qh4+ 23. Kg1 Rae8 24. Qf3+ Ke7 25. Rxe6+ Kxe6 26. Re1+ Kd6 27. Rd1+ Kc7 28. Qf7+ Kb6 29. Rd6+ 1-0

[Event "Budapest FS06 IM"]
[Site "Budapest"]
[Date "2008.06.09"]
[Round "3"]
[White "Sondermann, Johannes"]
[Black "Lyell, Mark"]
[Result "0-1"]
[WhiteElo "2279"]
[BlackElo "2237"]
[PlyCount "55"]
[EventDate "2008.06.07"]
[EventType "tourn"]
[EventRounds "13"]
[EventCountry "HUN"]
[EventCategory "2"]
[SourceTitle "CBM 124 Extra"]
[Source "ChessBase"]
[SourceDate "2008.07.03"]
[SourceVersion "1"]
[SourceVersionDate "2008.07.03"]
[SourceQuality "1"]

1. d4 f5 2. Nc3 Nf6 3. Bg5 d5 4. Bxf6 exf6 5. e3 Nc6 6. Qf3 Be6 7. Nge2 Qd7 8. Nf4 0-0-0 9. Nxe6 Qxe6 10. 0-0-0 g6 11. h4 h5 12. Ne2 Bh6 13. Nf4 Bxf4 14. exf4 Qe4 15. c3 Qxf3 16. gxf3 Rde8 17. Rg1 Rhg8 18. c4 Ne7 19. Bd3 c6 20. cxd5 cxd5 21. Rde1 Kd7 22. Kd2 Nc6 23. Rxe8 Kxe8 24. Bxf5 Kf7 25. Bb1 Nxd4 26. Rg3 f5 27. Bc2 Ne6 28. Kd3 0-1

[Event "Budapest FS05 IM"]
[Site "Budapest"]
[Date "2008.05.12"]
[Round "10"]
[White "Farago, Sandor"]
[Black "Sondermann, Johannes"]
[Result "0-1"]
[WhiteElo "2240"]
[BlackElo "2279"]
[PlyCount "55"]
[EventDate "2008.05.03"]
[EventType "tourn"]
[EventRounds "13"]
[EventCountry "HUN"]
[EventCategory "1"]
[SourceTitle "CBM 124 Extra"]
[Source "ChessBase"]
[SourceDate "2008.07.03"]
[SourceVersion "1"]
[SourceVersionDate "2008.07.03"]
[SourceQuality "1"]

1. e4 c5 2. Nf3 g6 3. d4 cxd4 4. Nxd4 Nc6 5. Nc3 Bg7 6. Be3 Nf6 7. Bc4 0-0 8. Bb3 a5 9. a3 Ng4 10. Nxc6 Nxe3 11. Nxd8 Nxd1 12. Nd5 Rxd8 13. Rxd1 e6 14. Nb6 Ra6 15. Nc4 a4 16. Ba2 b5 17. Nd6 Bxb2 18. Nxb5 Rb6 19. c4 Ba6 20. Rb1 Bf6 21. 0-0 d5 22. exd5 exd5 23. Rfd1 d4 24. Nc7 Rxb1 25. Rxb1 d3 26. Nd5 Kg7 27. Rd1 Rb8 28. Rd2 0-1

[Event "Budapest FS05 IM"]
[Site "Budapest"]
[Date "2008.05.08"]
[Round "6"]
[White "Zalkind, Konstantin"]
[Black "Sondermann, Johannes"]
[Result "1-0"]
[WhiteElo "2164"]
[BlackElo "2279"]
[PlyCount "71"]
[EventDate "2008.05.03"]
[EventType "tourn"]
[EventRounds "13"]
[EventCountry "HUN"]
[EventCategory "1"]
[SourceTitle "CBM 124 Extra"]
[Source "ChessBase"]
[SourceDate "2008.07.03"]
[SourceVersion "1"]
[SourceVersionDate "2008.07.03"]
[SourceQuality "1"]

1. d4 Nf6 2. c4 c5 3. d5 b5 4. cxb5 a6 5. b6 Qxb6 6. Nc3 d6 7. e4 g6 8. Be2 Bg7 9. Nf3 Nbd7 10. 0-0 0-0 11. h3 Bb7 12. a4 Rab8 13. a5 Qd8 14. Bf4 Ne8 15. Bc4 Nc7 16. Qe2 Ba8 17. Ra2 Rb4 18. Rc1 Qc8 19. b3 Rb8 20. e5 dxe5 21. Nxe5 Nxe5 22. Bxe5 Bxe5 23. Qxe5 Qd7 24. Ne4 Bxd5 25. Rd2 Rbd8 26. Rcd1 Qf5 27. Qxc7 Rc8 28. Rxd5 Rxc7 29. Rxf5 gxf5 30. Nc3 e6 31. Rd6 Ra8 32. Na4 Kf8 33. Rxa6 Rd8 34. Rb6 Rd1+ 35. Kh2 Ke7 36. a6 1-0

[Event "Budapest FS05 IM"]
[Site "Budapest"]
[Date "2008.05.06"]
[Round "4"]
[White "Werner, Dimo"]
[Black "Sondermann, Johannes"]
[Result "1-0"]
[WhiteElo "2300"]
[BlackElo "2279"]
[PlyCount "77"]
[EventDate "2008.05.03"]
[EventType "tourn"]
[EventRounds "13"]
[EventCountry "HUN"]
[EventCategory "1"]
[SourceTitle "CBM 124 Extra"]
[Source "ChessBase"]
[SourceDate "2008.07.03"]
[SourceVersion "1"]
[SourceVersionDate "2008.07.03"]
[SourceQuality "1"]

1. d4 Nf6 2. c4 c5 3. d5 b5 4. Nf3 d6 5. Nbd2 Qa5 6. e4 Nxe4 7. b4 Qxb4 8. Rb1 Nc3 9. Rxb4 Nxd1 10. Rb3 Nxf2 11. Kxf2 b4 12. Bb2 Bf5 13. Bd3 Bxd3 14. Rxd3 Nd7 15. Re1 f6 16. g4 Rg8 17. g5 Kf7 18. Rg1 g6 19. gxf6 exf6 20. Re1 Be7 21. Kg2 f5 22. Rde3 Rge8 23. h4 h6 24. h5 g5 25. Re6 g4 26. Rxh6 gxf3+ 27. Nxf3 Rg8+ 28. Kh3 Rae8 29. Rh7+ Kf8 30. Bc1 Bg5 31. Rxe8+ Kxe8 32. Bxg5 Ne5 33. Nxe5 Rxg5 34. Nf7 Rg1 35. Nxd6+ Kf8 36. Nxf5 Ra1 37. d6 Ke8 38. Rxa7 b3 39. Re7+ 1-0

[Event "Budapest FS05 IM"]
[Site "Budapest"]
[Date "2008.05.03"]
[Round "1"]
[White "Sondermann, Johannes"]
[Black "Zimmerman, Yuri"]
[Result "0-1"]
[WhiteElo "2279"]
[BlackElo "2332"]
[PlyCount "60"]
[EventDate "2008.05.03"]
[EventType "tourn"]
[EventRounds "13"]
[EventCountry "HUN"]
[EventCategory "1"]
[SourceTitle "CBM 124 Extra"]
[Source "ChessBase"]
[SourceDate "2008.07.03"]
[SourceVersion "1"]
[SourceVersionDate "2008.07.03"]
[SourceQuality "1"]

1. e4 d6 2. d4 Nf6 3. Nc3 g6 4. f4 Bg7 5. Nf3 c5 6. Bb5+ Bd7 7. Bxd7+ Nfxd7 8. d5 b5 9. Nxb5 Qa5+ 10. Nc3 Bxc3+ 11. bxc3 Qxc3+ 12. Bd2 Qc4 13. Qe2 Qxc2 14. 0-0 0-0 15. e5 Nb6 16. exd6 exd6 17. f5 Qxf5 18. Bh6 N8d7 19. Qb2 f6 20. Bxf8 Rxf8 21. Rfe1 Qxd5 22. Rad1 Qf7 23. Qb5 d5 24. Qa6 d4 25. Qxa7 Ra8 26. Qc7 Nd5 27. Qc6 Rxa2 28. Qc8+ Kg7 29. Rb1 Ra7 30. Qd8 Ne3 0-1

[Event "Berlin-ch"]
[Site "Berlin"]
[Date "2008.03.25"]
[Round "4"]
[White "Welz, Peter"]
[Black "Sondermann, Johannes"]
[Result "0-1"]
[WhiteElo "2138"]
[BlackElo "2171"]
[PlyCount "106"]
[EventDate "2008.03.22"]
[EventType "swiss"]
[EventRounds "9"]
[EventCountry "GER"]
[SourceTitle "CBM 123 Extra"]
[Source "ChessBase"]
[SourceDate "2008.05.06"]
[SourceVersion "1"]
[SourceVersionDate "2008.05.06"]
[SourceQuality "1"]

1. e4 c5 2. Nc3 Nc6 3. g3 g6 4. Bg2 Bg7 5. d3 d6 6. Be3 Rb8 7. a4 a6 8. Qd2 b5 9. axb5 axb5 10. f4 b4 11. Nd1 Nd4 12. Nf3 b3 13. Bxd4 cxd4 14. cxb3 e5 15. 0-0 Ne7 16. Nf2 0-0 17. fxe5 dxe5 18. Qa5 Qxa5 19. Rxa5 f6 20. Rc1 Rb7 21. g4 g5 22. h4 Ng6 23. hxg5 fxg5 24. Ra8 Bd7 25. Rxf8+ Bxf8 26. Ra1 h6 27. Ra5 Bb5 28. Bf1 Bd6 29. Ra8+ Kf7 30. Rd8 Bc7 31. Rd5 Nf4 32. Nxe5+ Ke7 33. Rc5 Bd6 34. Nc6+ Kd7 35. Rxb5 Rxb5 36. Nxd4 Rb4 37. Nf5 Bc5 38. d4 Bxd4 39. Nxd4 Rxd4 40. Bc4 Rd2 41. e5 Rxb2 42. Ne4 Ne2+ 43. Kf1 Nd4 44. Nf6+ Kd8 45. Ng8 Nxb3 46. Bf7 Nd2+ 47. Kg1 Nf3+ 48. Kf1 Nxe5 49. Bh5 Rb6 50. Ke2 Nd7 51. Bf7 Ne5 52. Bh5 Ng6 53. Ke3 Ne7 0-1

[Event "Berlin Hellersdorf Winter 5th"]
[Site "Berlin"]
[Date "2008.02.03"]
[Round "5.4"]
[White "Sondermann, Johannes"]
[Black "Neumann, Michael"]
[Result "0-1"]
[WhiteElo "2171"]
[BlackElo "2144"]
[PlyCount "130"]
[EventDate "2008.02.01"]
[EventType "swiss"]
[EventRounds "5"]
[EventCountry "GER"]
[SourceTitle "EXT 2022"]
[Source "ChessBase"]
[SourceDate "2021.10.06"]
[SourceVersion "1"]
[SourceVersionDate "2021.10.06"]
[SourceQuality "1"]

1. e4 d5 2. exd5 Qxd5 3. Nc3 Qa5 4. d4 c6 5. Nf3 Nf6 6. Bc4 Bf5 7. Ne5 e6 8. g4 Be4 9. 0-0 Bd5 10. Nxd5 cxd5 11. Bd3 Bd6 12. g5 Bxe5 13. dxe5 Nfd7 14. f4 Nc5 15. f5 Nxd3 16. Qxd3 exf5 17. Bd2 Qc5+ 18. Be3 Qc6 19. Qa3 Qe6 20. c4 d4 21. Bxd4 Qxc4 22. Rf4 Nc6 23. Be3 Qe6 24. Rc1 g6 25. Bc5 Rd8 26. Bd6 h6 27. h4 hxg5 28. hxg5 Rh5 29. Qg3 Qd5 30. Qg2 Qxg2+ 31. Kxg2 Rxg5+ 32. Kf3 Rh5 33. b4 a6 34. a4 Rh3+ 35. Kg2 Rb3 36. Rh4 Kd7 37. Rc5 Ke6 38. Rc2 Nxe5 39. Bc7 Rd7 40. Rh8 Nc4 41. Re8+ Kd5 42. Bf4 Rb2 43. Rxb2 Nxb2 44. a5 Nd3 45. Bd2 Kc4 46. Rc8+ Kb5 47. Kf3 Nxb4 48. Ke2 Nc6 49. Rh8 Nxa5 50. Rh1 Nc4 51. Bf4 Kc6 52. Rh8 b5 53. Rc8+ Kb7 54. Rb8+ Ka7 55. Kf3 Rb7 56. Rc8 a5 57. Bg5 a4 58. Bf6 a3 59. Ke2 Rd7 60. Rc5 Kb6 61. Rc8 Rd2+ 62. Ke1 Rg2 63. Kd1 a2 64. Ra8 Ne3+ 65. Kc1 Rc2# 0-1

[Event "Olomouc Ave Kontakt Cup IMC"]
[Site "Olomouc"]
[Date "2007.08.07"]
[Round "9"]
[White "Sondermann, Johannes"]
[Black "Schneider Zinner, Harald"]
[Result "0-1"]
[WhiteElo "2192"]
[BlackElo "2296"]
[PlyCount "96"]
[EventDate "2007.08.01"]
[EventType "tourn"]
[EventRounds "11"]
[EventCountry "CZE"]
[EventCategory "2"]
[SourceTitle "CBM 119 Extra"]
[Source "ChessBase"]
[SourceDate "2007.09.04"]
[SourceVersion "1"]
[SourceVersionDate "2007.09.04"]
[SourceQuality "1"]

1. e4 e5 2. Nf3 d6 3. d4 exd4 4. Qxd4 a6 5. Bg5 Nc6 6. Qc3 Nf6 7. Bxf6 Qxf6 8. Qxf6 gxf6 9. Nc3 Be6 10. Nh4 Bh6 11. Bd3 Nb4 12. Rd1 Rg8 13. Nd5 Nxd5 14. exd5 Bxd5 15. Bxh7 Bxg2 16. Bxg8 Bxh1 17. f3 Kf8 18. Kf2 Kxg8 19. Rxh1 Re8 20. Nf5 Bg5 21. f4 Re4 22. fxg5 Rf4+ 23. Ke3 Rxf5 24. gxf6 Rxf6 25. Rd1 Rh6 26. Rd2 Kg7 27. Kd4 Rh4+ 28. Kd5 Kf6 29. Re2 Rh5+ 30. Kd4 c6 31. c4 Rh4+ 32. Kc3 Rh5 33. Kb4 Re5 34. Rf2+ Ke6 35. Rg2 f5 36. Rg6+ Ke7 37. Rg7+ Kf6 38. Rxb7 f4 39. Rb8 Kg5 40. Kc3 Kg4 41. Kd3 Kf3 42. Rd8 d5 43. Rd6 dxc4+ 44. Kxc4 Ke3 45. Rxc6 f3 46. Rxa6 f2 47. Rf6 Re4+ 48. Kc3 Rf4 0-1

[Event "Olomouc Ave Kontakt Cup IMC"]
[Site "Olomouc"]
[Date "2007.08.05"]
[Round "7"]
[White "Sondermann, Johannes"]
[Black "Kaufman, Raymond"]
[Result "0-1"]
[WhiteElo "2192"]
[BlackElo "2310"]
[PlyCount "120"]
[EventDate "2007.08.01"]
[EventType "tourn"]
[EventRounds "11"]
[EventCountry "CZE"]
[EventCategory "2"]
[SourceTitle "CBM 119 Extra"]
[Source "ChessBase"]
[SourceDate "2007.09.04"]
[SourceVersion "1"]
[SourceVersionDate "2007.09.04"]
[SourceQuality "1"]

1. e4 c5 2. Nf3 Nc6 3. c3 Nf6 4. e5 Nd5 5. d4 cxd4 6. Bc4 Nb6 7. Bb3 d5 8. exd6 Qxd6 9. 0-0 Be6 10. Na3 Bxb3 11. Qxb3 e6 12. Nb5 Qd7 13. Nfxd4 Nxd4 14. Nxd4 Bc5 15. Bg5 h6 16. Bh4 0-0 17. Rad1 e5 18. Nf3 Qf5 19. a4 Rfe8 20. Bg3 a5 21. Qb5 e4 22. Nd4 Qg5 23. h4 Qh5 24. b4 axb4 25. cxb4 Nxa4 26. bxc5 Nc3 27. Qb3 Nxd1 28. Rxd1 Ra3 29. Qc2 Ra2 30. Qb3 Rea8 31. Rc1 Ra1 32. Qc3 R1a3 33. Qe1 Qg4 34. Nc2 Ra2 35. Ne3 Qe6 36. Qb4 Qd7 37. Qxe4 Qd2 38. Qb1 Rb2 39. Kh2 Rxb1 40. Rxb1 Qd4 41. Rxb7 Qxc5 42. Rc7 Qh5 43. Rc4 Qb5 44. Rg4 Kh7 45. Nc4 f6 46. Nd6 Qd5 47. Rb4 Ra6 48. Ne8 Qc6 49. Nd6 Ra1 50. Nf5 Qc5 51. Rf4 Qc1 52. Kh3 h5 53. Bh2 Qc8 54. Kg3 Ra3+ 55. Ne3 g5 56. hxg5 fxg5 57. Rb4 Qc7+ 58. f4 Rxe3+ 59. Kf2 Qc5 60. Rb7+ Re7+ 0-1

[Event "Olomouc Ave Kontakt Cup IMC"]
[Site "Olomouc"]
[Date "2007.08.03"]
[Round "3"]
[White "Klima, Lukas"]
[Black "Sondermann, Johannes"]
[Result "1-0"]
[WhiteElo "2405"]
[BlackElo "2192"]
[PlyCount "69"]
[EventDate "2007.08.01"]
[EventType "tourn"]
[EventRounds "11"]
[EventCountry "CZE"]
[EventCategory "2"]
[SourceTitle "CBM 119 Extra"]
[Source "ChessBase"]
[SourceDate "2007.09.04"]
[SourceVersion "1"]
[SourceVersionDate "2007.09.04"]
[SourceQuality "1"]

1. d4 Nf6 2. c4 c5 3. d5 b5 4. cxb5 a6 5. b6 Qxb6 6. Nc3 d6 7. e4 g6 8. Nf3 Bg7 9. Be2 0-0 10. Nd2 Nbd7 11. Nc4 Qc7 12. a4 Nb6 13. Ne3 Rb8 14. a5 Na8 15. Nc4 Bd7 16. 0-0 Bb5 17. Qc2 Qb7 18. Ra2 Nd7 19. f4 Nc7 20. Kh1 Ra8 21. Be3 f5 22. Rd1 fxe4 23. Qxe4 Bxc3 24. bxc3 Nf6 25. Qxe7 Nfxd5 26. Qxd6 Rad8 27. Qxc5 Nxc3 28. Rxd8 Rxd8 29. Nd6 Qc6 30. Bc4+ N7d5 31. Qxc6 Bxc6 32. Rc2 Rxd6 33. Rxc3 Kg7 34. Bd4+ Kh6 35. Rh3# 1-0